000 01111nam a2200277 a 4500
001 000006118
003 DO-SdBNP
005 20250621074005.0
008 090826s2002 dr 001 0 spa d
020 _a9993461466
040 _aDO-SdBNP
_bspa
_cBNPHU
082 4 _a327.7293
_bM516d
_222
100 1 _aMejía, Hipólito,
_d1941-
_978920
245 1 0 _aDiscursos para una política exterior :
_bagosto 2000-2002 /
_cHipólito Mejía.
260 _aSanto Domingo, :
_bSecretaría de Estado de Relaciones Exteriores,
_c2002.
300 _av. ;
_c23 cm.
500 _aLa biblioteca posee el v. I.
590 _aInventariado, 2018/BT
650 4 _aDiscursos presidenciales
_910061
651 4 _aRepública Dominicana
_xPresidente (2000-2004: Mejía)
_917227
651 4 _aRepública Dominicana
_xRelaciones exteriores
_xEnsayos, conferencias, etc.
_92600
651 0 _aRepública Dominicana
_xPolítica y gobierno
_945
710 1 _aRepública Dominicana.
_bSecretaría de Estado de Relaciones Exteriores.
_cEscuela Diplomática y Consular
_92252
910 _aValidado. Control de calidad. EMS
942 _2ddc
_cLBS1
999 _c5914
_d5914